=LDR 00000nam 2200000 4500 =001 INLIS000000000023329 =005 20130612122014 =008 ***********************************Ind** =035 ##$$0010-061300000023329 =041 ##$$a Ind =082 ##$$a 330.07 =090 ##$$a 330.07, Rah-e =100 ##$$a Raharja, Prathama =245 ##$$a Ekonomi 1 Kelas 1 SMU, Prathama Rahardja, S.E., M.Si =260 ##$$a 2000 $b Jakarta =300 ##$$a 132 hlm., ilus., 28 cm =650 ##$$a Ekonomi SMU =850 ##$$a NBPNMAT